书目信息 |
| 题名: |
集装箱码头设备工程管理
|
|
| 作者: | 龙前 著 | |
| 分册: | ||
| 出版信息: | 北京 人民交通出版社 2000.04 |
|
| 页数: | 297页 | |
| 开本: | 20cm | |
| 丛书名: | ||
| 单 册: | ||
| 中图分类: | U656.106 | |
| 科图分类: | ||
| 主题词: | 港口工程 | |
| 电子资源: | ||
| ISBN: | 7-114-03608-6 | |
| 000 | 00570nam0 2200193 45 | |
| 001 | 0137048266 | |
| 005 | 2001111610172812 | |
| 010 | @a7-114-03608-6@dRMB 35.00 | |
| 100 | @a20011116d2000 km y0chiy0120 ea | |
| 101 | 0 | @achi |
| 102 | @aCN@b110000 | |
| 200 | 1 | @a集装箱码头设备工程管理@AJi Zhuang Xiang Ma Tou She Bei Gong Cheng Guan Li@f龙前著@FLong Qian Zhu |
| 210 | @a北京@c人民交通出版社@d2000.04 | |
| 215 | @a297页@d20cm | |
| 606 | 0 | @a港口工程 |
| 690 | @aU656.106@v3 | |
| 701 | 0 | @a龙前@ALong Qian@4著 |
| 801 | 0 | @aCN@bPFT@c20011116 |
| 905 | @a安徽大学@dU656.106@eL765 | |
| 集装箱码头设备工程管理/龙前著.-北京:人民交通出版社,2000.04 |
| 297页;20cm |
| ISBN 7-114-03608-6:RMB 35.00 |
| ● |
| 相关链接 |
|
|
|
正题名:集装箱码头设备工程管理
索取号:U656.106/L765
 
预约/预借
| 序号 | 登录号 | 条形码 | 馆藏地/架位号 | 状态 | 备注 |
| 1 | 352337 | 203523375 | 自科库501/501自科库 59排1列2层/ [索取号:U656.106/L765] | 在馆 | |
| 2 | 352338 | 203523384 | 自科库501/501自科库 59排1列2层/ [索取号:U656.106/L765] | 在馆 |